A Historical Flora of Egypt : Preliminary Survey /
محفوظ في:
المؤلف الرئيسي:
التنسيق: كتاب
اللغة: Undetermined
منشور في:
1995
الوسوم: إضافة وسم
لا توجد وسوم, كن أول من يضع وسما على هذه التسجيلة!
رقم الطلب: THESIS 45
| LEADER | 00319nam a2200109Ia 4500 | ||
|---|---|---|---|
| 008 | 231023s9999||||xx |||||||||||||| ||und|| | ||
| 050 | 4 | |a THESIS 45 | |
| 100 | 0 | |a Ahmed Gamal El-Din Fahmy | |
| 245 | 1 | 2 | |a A Historical Flora of Egypt : Preliminary Survey / |c Ahmed Gamal El-Din Fahmy. |
| 264 | 1 | |c 1995 | |
| 942 | |2 lcc |c THESES | ||
| 999 | |c 54857 |d 54857 | ||
